A treatise on the law and practice of injuctions

Сохранить в:
Библиографические подробности
Главный автор: Kerr William Williamson
Другие авторы: Paterson John Melving
Формат:
Опубликовано: New Delhi : Universal law publishing, c2008.
Редактирование:6th ed.
Предметы:
Метки: Добавить метку
Нет меток, Требуется 1-ая метка записи!

MARC

LEADER 00000nam a2200000 4500
005 20260331061554.0
020 |a 8175341455  |c TZS 21,682/= 
040 |a MCCL  |b Eng.  |e AACR 2nd rev. ed. 
082 |a 347.077 KER 
100 |a Kerr William Williamson 
245 |a A treatise on the law and practice of injuctions  |c / William Williamson Kerr, edited by John Melving Paterson 
250 |a 6th ed. 
260 |a New Delhi :  |b Universal law publishing,  |c c2008. 
300 |a lxiv, 743 p. :  |c 21 cm. 
504 |a Include index 
546 |a Eng. 
650 |a Jurisdiction 
700 |a Paterson John Melving  
942 |c BK 
999 |c 12569  |d 12569